Statistics for US Presidents by photo

Click here to take the quiz!

General Stats

  • This quiz has been taken 92 times
    (58 since last reset)
  • The average score is 36 of 45

Answer Stats

Answer% Correct
George Washington
97%
Abraham Lincoln
89%
James Madison
89%
John Adams
89%
Thomas Jefferson
89%
Andrew Johnson
86%
Theodore Roosevelt
86%
Andrew Jackson
84%
Herbert Hoover
84%
James K. Polk
84%
James Monroe
84%
John Quincy Adams
84%
Martin Van Buren
84%
Ulysses S. Grant
84%
Franklin Pierce
81%
Gerald Ford
81%
Harry S. Truman
81%
James Buchanan
81%
John F. Kennedy
81%
Lyndon B. Johnson
81%
Richard Nixon
81%
Warren G. Harding
81%
William Henry Harrison
81%
Bill Clinton
78%
Calvin Coolidge
78%
Chester A. Arthur
78%
Dwight D. Eisenhower
78%
Franklin D. Roosevelt
78%
George H. W. Bush
78%
George W. Bush
78%
Jimmy Carter
78%
John Tyler
78%
Millard Fillmore
78%
Ronald Reagan
78%
Rutherford B. Hayes
78%
Barack Obama
76%
Benjamin Harrison
76%
Donald Trump
76%
Grover Cleveland
76%
James A. Garfield
76%
Joe Biden
76%
William Howard Taft
76%
Woodrow Wilson
76%
Zachary Taylor
76%
William McKinley
73%

Score Distribution

Percentile by Number Answered

Percent of People with Each Score

Your Score History

You have not taken this quiz since the last reset